| 000 | 00913nam a22002537a 4500 | ||
|---|---|---|---|
| 005 | 20170123162349.0 | ||
| 010 | _aB-307153 | ||
| 020 |
_c250.00 _a8190400118 |
||
| 035 | _aB-307153 | ||
| 037 | _bCen Lib/Ret | ||
| 040 |
_aDPL _bUR |
||
| 082 |
_a899.155108 _bغ ا ل |
||
| 100 |
_aتنویر احمد _9141803 |
||
| 245 |
_aغالب کی فارسی شاعری : _cتنویر احمد علوی _bتعارف و تنقید / |
||
| 246 |
_aGhalib ki farsi shairi : taruf-o-tanqeed / _bby Tanveer Ahmad Alvi |
||
| 260 |
_aنیی دہلی _bغالب اکادمی _c2007 |
||
| 270 |
_bنیی دہلی _e110026 _aبستی حضرت نظامددیں |
||
| 300 |
_a288p. _c21cm(Hb) |
||
| 650 |
_aادب -- فارسی _9141804 |
||
| 650 |
_aفارسی شاعری _9400 |
||
| 650 |
_aLiterature -- Farsi _9122511 |
||
| 650 |
_aUrdu Poetry _9141805 |
||
| 942 |
_2ddc _cUR _h899.155108 _mغ ا ل |
||
| 999 |
_c109136 _d109136 |
||